| 000 | 01441nam a2200481 i 4500 | ||
|---|---|---|---|
| 001 | vtls000148362 | ||
| 003 | PNM | ||
| 005 | 20210426124458.0 | ||
| 008 | 920104t19901990my e b 000 0 may | ||
| 020 |
_a9836217258 _qpaperback |
||
| 039 | 9 |
_a201801081105 _bmaulidiah |
|
| 040 |
_aPNM _beng _cPNM _dPPAK _erda |
||
| 043 | _aa-my--- | ||
| 049 | _amalpma | ||
| 082 | 0 | 4 |
_a390.4633 _223 |
| 090 | 0 | 0 |
_a390.4633 _bAMA _dKAO |
| 100 | 0 |
_aAmat Juhari Moain, _d1940- _eauthor. |
|
| 245 | 1 | 0 |
_aKEPERCAYAAN ORANG MELAYU BERHUBUNG DENGAN PERTANIAN / _cAmat Juhari Moain |
| 264 | 1 |
_aKuala Lumpur : _bDewan Bahasa dan Pustaka, _c1990 |
|
| 264 | 4 | _c©1990 | |
| 300 |
_ax, 155 pages ; _c22 cm |
||
| 336 |
_2rdacontent _atext |
||
| 337 |
_2rdamedia _aunmediated |
||
| 338 |
_2rdacarrier _avolume |
||
| 500 | _aIncludes index. | ||
| 504 | _aBibliography : pages 141-149. | ||
| 650 | 1 | 0 |
_aMalays (Asian people) _xSocial life and customs |
| 650 | 2 | 0 |
_aRice planting rites _zMalaysia |
| 650 | 2 | 0 |
_aMalays (Asian people) _xRites and ceremonies |
| 942 |
_2ddc _cB |
||
| 949 | _62000161374 | ||
| 949 | _a390.4633 ama m | ||
| 949 | _62000202808 | ||
| 949 | _62000203136 | ||
| 949 |
_62000804814 _e570753 |
||
| 949 |
_62000804815 _e570750 |
||
| 949 |
_62000804816 _e570748 |
||
| 949 |
_62000804817 _e570751 |
||
| 949 |
_62000804818 _e570752 |
||
| 949 |
_62000804819 _e570754 |
||
| 949 |
_62000804820 _e570743 |
||
| 949 | _aAR 0341 AMA KP | ||
| 999 |
_c183655 _d183655 |
||